Statistics for US State General Knowledge #5 - Oregon

Click here to take the quiz!

General Stats

  • This quiz has been taken 138 times
  • The average score is 25 of 32

Answer Stats

HintAnswer% Correct
AbbreviationOR
99%
164,549 | CapitalSalem
98%
Bordering statesCalifornia
98%
Idaho
98%
Washington
98%
632,209Portland
98%
Is Oregon a swing state?No
97%
Bordering oceanPacific Ocean
97%
Nevada
95%
Trail which brought emigrants to OregonOregon Trail
92%
Which two explorers went around 1800 from St. Louis to Oregon?Meriwether Lewis
90%
William Clark
88%
Longest river (1,249 mi)Columbia River
82%
Official nicknameBeaver State
82%
163,460Eugene
81%
NBA team located in OregonPortland Trail Blazers
78%
Famous company headquartered in BeavertonNike
78%
Major mountain rangeCascade Range
75%
Highest point in Oregon, located in the aboveMount Hood
74%
The only National Park located hereCrater Lake
72%
River flowing through the biggest cityWillamette River
69%
Second longest river (1,078 mi)Snake River
67%
Most populous countyMultnomah County
65%
MLS team located in OregonPortland Timbers
59%
DemonymOregonian
57%
GovernorKate Brown
55%
Year of statehood1859
53%
102,347Hillsboro
52%
110,553Gresham
51%
Creator of "The Simpsons"Matt Groening
43%
Nickname for the cluster of high-tech companies located in OregonSilicon Forest
17%

Score Distribution

Percentile by Number Answered

Percent of People with Each Score

Your Score History

You have not taken this quiz